000 00325nam a2200133 a 4500
005 20140414173342.0
008 110805s19uu xx 00 eng d
050 _aTR 425
_bL11 2009
100 _aLachance, Julie
245 _aBasic English.
260 _aNew York :
_bMcgraw Hill,
_c2009.
942 _cBK
999 _c115456
_d115456